| 000 | 00360 a2200157 4500 | ||
|---|---|---|---|
| 001 | 156827 | ||
| 020 | _a9788526023383 | ||
| 040 | _cEscola São Tomás de Aquino | ||
| 100 | _aQUEIRÓS, Bartolomeu Campos de | ||
| 240 | 1 | 0 |
_aApontamentos _lpor |
| 245 | 1 | 0 | _aApontamentos |
| 300 | _a29 p. | ||
| 362 | 0 | _a2017 | |
| 697 | _a*LITERATURA JUVENIL | ||
| 942 | _cBK | ||
| 999 |
_c156827 _d156827 |
||